000 00587nam a22002297a 4500
003 UA-OsUOA
001 95477
007 ta
008 20130228b un ||||| |||| 00| 0 ukr d
100 _aКозлов П. Я.
090 _a821.161.1
_bК59
942 _cBK
040 _aUA-OsUOA
_brus
_cUA-OsUOA
_dUA-OsUOA
245 _aШтурмовики
_bочерки
300 _a119 с.
955 _a3
041 _arus
080 _a821.161.1
260 _aМ.
_bДОСААФ
_c1987
650 7 _a82 Література. Літературознавство
_2UDC
999 _c381725
_d381725